000 00656nam a2200193 i 4500
001 49611
003 ES-MaACL
005 20230906162027.0
007 t|
008 030718s1911 gw ||||1| ger d
080 _a821.133.1(493)-32"18"
100 1 _aCoster, Charles de.
_941145
245 1 0 _aFlèamische legenden /
_cCharles de Coster ; deutsch von Marie Lamping und Friedrich von Oppeln-Bronokowski.
260 _aJena :
_bEugen Diederichs,
_c1911 (
_fSpamersche Buchdruckerei)
300 _aVIII, 213 p. ;
_c20 cm.
700 1 _aLamping, Marie.
_969873
700 1 _aOppeln-Bronikowski, Friedrich von.
_987127
852 _aES-MaACL
_jC-4587
_bR.24461
999 _c49611
_d49611